000 00355nam a22001457a 4500
999 _c197351
_d197351
008 230822b ||||| |||| 00| 0 eng d
082 _aN-MOH
100 _aR.D, Mohan
245 _aThe X-ray Man
_hEnglish
260 _aDelhi
_bA.I.C.B.
_cRohini
270 _aA.I.C.B. Rohini, Delhi
300 _a12x13
490 _v1-3
942 _2ddc
_cBRLEN
_kN
_mMOH